| 000 | 01494cam a2200385Ma 4500 | ||
|---|---|---|---|
| 001 | ocn877271008 | ||
| 003 | TZ-ArACH | ||
| 005 | 20150326125425.0 | ||
| 008 | 090320s2008 nyu b i001 0 eng d | ||
| 020 | _a9789211541861 | ||
| 020 | _a9211541867 | ||
| 035 | _a(OCoLC)877271008 | ||
| 040 |
_aNLE _beng _cTZ-ArACH _dOCLCO _dOCLCF |
||
| 041 | _aEng | ||
| 049 | _aTZAA | ||
| 050 |
_aK3239 _b.U55 |
||
| 110 | 2 |
_aUnited Nations. _bOffice of the High Commissioner for Human Rights. _914949 |
|
| 245 | 1 | 0 |
_aSelected decisions of the Human Rights Committee under the optional protocol. _nVol. 9, _pEighty-fifth to ninety-first sessions (October 2005-October 2007). |
| 246 | 1 |
_iAt head of title: _aInternational Covenant on Civil and Political Rights |
|
| 260 |
_aNew York : _bUnited Nations, _c2008. |
||
| 300 |
_aiv, 314 p. ; _c30 cm. |
||
| 500 | _a"CCPR/C/OP/9" | ||
| 500 | _aUnited Nations publication sales no. E.08. XIV.9. | ||
| 500 | _a"Vol". | ||
| 504 | _aIncludes bibliographical references. | ||
| 650 | 0 |
_aHuman rights _vCases. _914950 |
|
| 650 | 7 |
_aHuman rights. _2fast _914951 |
|
| 650 | 7 |
_aUnited Nations _2Human Rights Committee _914952 |
|
| 650 | 7 |
_aOptional protocol _914953 |
|
| 653 | _aDonation | ||
| 655 | 7 |
_aTrials, litigation, etc. _2fast _914956 |
|
| 710 | 2 |
_aInternational Covenant on Civil and Political Rights. _914955 |
|
| 942 |
_2lcc _cBOOK |
||
| 999 |
_c2991 _d2991 |
||